000 00995cam a2200253 4500
001 WB@3612-482
008 040204n2004 000 0 eng u
035 _a(Sirsi) u125025
245 _aOne in eight moved in year to Census 2001
260 _c2004
490 _aNational Statistics Press Release
_v3 February 2003, (4)
520 _aData from the 2001 Census records that over 6.3 million people who were living in England and Wales on Census day 2001, had moved during the previous 12 months. This equates to 12.2% of the population, 10.6% moved within England and Wales, 0.1% had moved from Scotland or Northern Ireland and 0.7% had moved from outside the UK. The statistics also report on student population and the armed forces.
590 _aWB
590 _aWB
590 _aWB
590 _aWB
650 _aSTATISTICS
650 _aCENSUS
650 _aPOPULATION
650 _aPOPULATION MOVEMENT
650 _aMOVING
690 _aHOUSING-MARKET
942 _n0
999 _c116998
_d116998